[Event "Boyaca Region-ch qual"]
[Site "Duitama"]
[Date "2010.05.16"]
[Round "4.19"]
[White "Camero, Jose Danilo"]
[Black "Corredor Castellanos, Camilo"]
[Result "1-0"]
[WhiteElo "1600"]
[BlackElo "1572"]
[PlyCount "76"]
[EventDate "2010.05.15"]
[EventType "swiss"]
[EventRounds "6"]
[EventCountry "COL"]
[SourceTitle "EXT 2024"]
[Source "ChessBase"]
[SourceDate "2023.10.10"]
[SourceVersion "1"]
[SourceVersionDate "2023.10.10"]
[SourceQuality "1"]

1. e4 e5 2. Nf3 Nc6 3. Bc4 Nf6 4. Ng5 d5 5. exd5 b5 6. Bxb5 Qxd5 7. Bxc6+ Qxc6 8. 0-0 Bb7 9. Nf3 Bc5 10. d3 0-0 11. Nc3 Rfe8 12. Qe2 Bd4 13. Ne4 Nxe4 14. Qxe4 Qxe4 15. dxe4 Bxe4 16. Nxd4 exd4 17. Bf4 c5 18. Bd6 Bxc2 19. Bxc5 d3 20. Rac1 Re5 21. Be3 h6 22. Rfe1 Rae8 23. Bd2 Re2 24. Kf1 g5 25. Rxe2 dxe2+ 26. Ke1 Ba4 27. b3 Bb5 28. Rc3 Kg7 29. a4 Ba6 30. Re3 Re6 31. Rxe6 fxe6 32. b4 Bc4 33. b5 Kf7 34. Be3 a6 35. b6 Bd5 36. Kxe2 Bxg2 37. f3 g4 38. fxg4 Ke7 1-0